000
00261nam a2200109Ia 4500
008
190216s9999||||xx |||||||||||||| ||und||
100
_a
Adams Dickey
245
0
_a
Basic Principles Of Supervision
260
_b
Eurasia Pub-Ltd
_c
1966
300
_a
320p
942
_c
BK
999
_c
4640
_d
4640